| 000 | 02135cam a22004218i 4500 | ||
|---|---|---|---|
| 999 |
_c11334 _d11334 |
||
| 001 | 19095133 | ||
| 003 | GZU | ||
| 005 | 20240522123008.0 | ||
| 008 | 160513s2017 enk b 001 0 eng | ||
| 010 | _a 2016022210 | ||
| 020 | _a9781118415771 (pbk.) | ||
| 022 | _a. | ||
| 035 | _a(DNLM)101682994 | ||
| 040 |
_aDNLM/DLC _beng _erda _cDLC |
||
| 042 | _apcc | ||
| 050 | 0 | 0 |
_aQR181 _bDEL 2017 |
| 100 | 1 |
_aDelves, Peter J., _eauthor. |
|
| 245 | 1 | 0 |
_aRoitt's essential immunology / _cPeter J. Delves, Seamus J. Martin, Dennis R. Burton, Ivan M. Roitt. |
| 246 | 1 | _aEssential immunology | |
| 250 | _aThirteenth edition. | ||
| 264 | 1 |
_aChichester, West Sussex ; _aHoboken, [NJ] : _bJohn Wiley & Sons, Inc., _c2017. |
|
| 300 |
_axv, 556 pages ; _ccm. _billustrations |
||
| 336 |
_atext _2rdacontent |
||
| 337 |
_aunmediated _2rdamedia |
||
| 338 |
_avolume _2rdacarrier |
||
| 500 | _aPreceded by Roitt's essential immunology / Peter J. Delves ... [et al.]. 12th ed. 2011. | ||
| 504 | _aIncludes bibliographical references and index. | ||
| 505 | 0 | _aInnate immunity -- Specific acquired immunity -- Antibodies -- Membrane receptors for antigen -- Antigen-specific recognition -- Immunological methods and applications [JS2] -- The anatomy of the immune response -- Lymphocyte activation -- The production of effectors -- The regulation of the immune response -- Development and evolution of the immune response -- Adversarial strategies during infection -- Vaccines -- Immunodeficiency -- Allergy and other hypersensitivities -- Transplantation -- Tumor immunology -- Autoimmune diseases. | |
| 520 | _a. | ||
| 650 | 1 | 2 | _aImmune System |
| 650 | 2 | 2 | _aImmunity |
| 700 | 1 |
_aMartin, Seamus J., _d1966- _eauthor. |
|
| 700 | 1 |
_aBurton, Dennis R., _eauthor. |
|
| 700 | 1 |
_aRoitt, Ivan M. _q(Ivan Maurice), _eauthor. |
|
| 776 | 0 | 8 |
_iOnline version: _aDelves, Peter J., author. _tRoitt's essential immunology _b13th edition. _dChichester, West Sussex ; Hoboken, [NJ] : John Wiley & Sons, Inc., 2017 _z9781118416068 _w(DLC) 2016022856 |
| 906 |
_a7 _bcbc _corignew _d1 _eecip _f20 _gy-gencatlg |
||
| 942 |
_2lcc _cBK _eThirteenth edition _h181 _iDEL _kQR |
||